| 000 | 00977nam a2200265 a 4500 | ||
|---|---|---|---|
| 999 |
_c25592 _d25592 |
||
| 001 | 2831405 | ||
| 003 | ARRUPE | ||
| 005 | 20170607125638.0 | ||
| 008 | 830629s1981 nr a b 000 0 eng | ||
| 010 | _a 83167167 | ||
| 020 | _a978154516X (pbk.) | ||
| 020 | _a019575526X (Oxford : pbk.) | ||
| 020 | _a9781540443 (hard) | ||
| 020 | _a0195755251 (Oxford : hard) | ||
| 040 |
_aDLC _cDLC _dDLC |
||
| 043 | _af-nr--- | ||
| 050 | 0 | 0 |
_aDT515.45.I33 _bE45 1981 |
| 100 | 1 |
_aEjiofor, Lambert U. _932269 |
|
| 245 | 1 | 0 |
_aDynamics of Igbo democracy : _ba behavioural analysis of Igbo politics in Aguinyi clan / _cby Lambert U. Ejiofor. |
| 260 |
_aIbadan, Nigeria : _bUniversity Press ; _aNew York : _bOxford University Press, _c1981. |
||
| 300 |
_axiii, 240 p. : _bill. ; _c22 cm. |
||
| 504 | _aBibliography: p. [235]-240. | ||
| 650 | 0 |
_aIgbo (African people) _xPolitics and government. _932270 |
|
| 906 |
_a7 _bcbc _corignew _d3 _encip _f19 _gy-gencatlg |
||
| 942 |
_2lcc _cMONOGRAPH |
||